00290nam a2200109Ia 4500008004100000082001700041100001500058245003900073260004500112300000800157650001500165191201s1989 xx 000 0 und d a677.024bSIM aSINGH, R B 0aModern Weaving Theory and Practice aN.DelhibMahajan Book distributorsc1989 a215 aB.Tech(TE)